|
|
|
|
| LEADER |
00000cam a2200000 7i4500 |
| 001 |
0000031497 |
| 005 |
20151222.0 |
| 008 |
120306 |
| 020 |
|
|
|a 9833730574
|
| 090 |
0 |
0 |
|a MOR
|b MAL
|
| 100 |
1 |
|
|a Mohd Rosli Saludin
|
| 245 |
1 |
0 |
|a Bunga teratai dan seekor lebah
|c Mohd Rosli Saludin
|
| 260 |
|
|
|a Penang :
|b Goal Intelligent Publishing ,
|c 2008
|
| 440 |
|
|
|a Koleksi cerita moral
|
| 500 |
|
|
|a Children ages 10-12 years old (pink)
|
| 650 |
|
0 |
|a Short stories, Malay
|
| 999 |
|
|
|a 0001141444
|b Book
|c Children Collection
|e Perbadanan Perpustakaan Awam Johor
|
| 999 |
|
|
|a 0001141445
|b Book
|c Children Collection
|e Perbadanan Perpustakaan Awam Johor
|
| 999 |
|
|
|a 0001141446
|b Book
|c Children Collection
|e Perbadanan Perpustakaan Awam Johor
|
| 999 |
|
|
|a 0001178691
|b Book
|c Children Collection
|e Cawangan Tangkak
|
| 999 |
|
|
|a 0001178692
|b Book
|c Teenagers
|e Cawangan Bukit Gambir
|
| 999 |
|
|
|a 0001178693
|b Book
|c Children Collection
|e Cawangan Bandar Penawar
|
| 999 |
|
|
|a 0001178695
|b Book
|c Children Collection
|e Cawangan Tmn. Ungku Tun Aminah
|
| 999 |
|
|
|a 0001178697
|b Book
|c Children Collection
|e Cawangan Pontian
|
| 999 |
|
|
|a 0001178700
|b Book
|c Children Collection
|e Cawangan Segamat
|
| 999 |
|
|
|a 0001178702
|b Book
|c Children Collection
|e Cawangan Mersing
|
| 999 |
|
|
|a 0001178704
|b Book
|c Children Collection
|e Cawangan Taman Universiti
|
| 999 |
|
|
|a 0001219802
|b Book
|c Children Collection
|e Perbadanan Perpustakaan Awam Johor
|
| 999 |
|
|
|a 0001219803
|b Book
|c Children Collection
|e Perbadanan Perpustakaan Awam Johor
|